Bồi dưỡng học sinh giỏi Sinh học Trung học phổ thông : Bài tập sinh lí học động vật
Nội dung sách gồm bài tập tự luận và các bài tập trắc nghiệm, là nội dung cơ bản, quan trọng mà học sinh cần nắm vững.
Uloženo v:
| Hlavní autor: | |
|---|---|
| Médium: | Kniha |
| Jazyk: | Undetermined |
| Vydáno: |
Hà Nội
Giáo dục Việt Nam
2014
|
| Témata: | |
| Tagy: |
Přidat tag
Žádné tagy, Buďte první, kdo otaguje tento záznam!
|
| Thư viện lưu trữ: | Trung tâm Học liệu Trường Đại học Cần Thơ |
|---|
| LEADER | 00962nam a2200229Ia 4500 | ||
|---|---|---|---|
| 001 | CTU_207173 | ||
| 008 | 210402s9999 xx 000 0 und d | ||
| 020 | |c 47000 | ||
| 082 | |a 570.712 | ||
| 082 | |b V312 | ||
| 100 | |a Nguyễn, Quang Vinh | ||
| 245 | 0 | |a Bồi dưỡng học sinh giỏi Sinh học Trung học phổ thông : | |
| 245 | 0 | |b Bài tập sinh lí học động vật | |
| 245 | 0 | |c Nguyễn Quang Vinh (Chủ biên), Trần Văn Kiên | |
| 260 | |a Hà Nội | ||
| 260 | |b Giáo dục Việt Nam | ||
| 260 | |c 2014 | ||
| 520 | |a Nội dung sách gồm bài tập tự luận và các bài tập trắc nghiệm, là nội dung cơ bản, quan trọng mà học sinh cần nắm vững. | ||
| 650 | |a Sinh học,Biology | ||
| 650 | |x Dạy và học (Trung học),Study and teaching (Secondary) | ||
| 904 | |i Tuyến | ||
| 980 | |a Trung tâm Học liệu Trường Đại học Cần Thơ | ||